000 00869nam a22002897a 4500
001 BR2020000342
003 BR-BrBNA
005 20230928105515.0
007 ta
008 230509b bl.||||| |||| 00| 0 por d
040 _aBR-BrBNA
_bpor
_cBiblioteca Nacional de Agricultura
041 _a(Por)
072 _aE14; C20; D50
090 _ E14 BR2020000342
100 1 _aNoronha, H.F. de
100 1 _aMarques, N.E.
110 1 _aCoordenadoria de Assistência Técnica Integral, Campinas, SP (Brasil)
245 1 _aDesenvolvimento municipal: definindo a trajetória
260 3 _aCampinas, SP (Brasil):
_c2001.
300 _a112 p.
500 _a12 ref.; 5 illus.; 25 tables
650 _aPOLÍTICA DE DESENVOLVIMENTO
650 _aDESENVOLVIMENTO ECONÔMCIO
650 _aDESENVOLVIMENTO SOCIAL
909 _a202309
_bLucia
_c55
_dLucia Elande
942 _cBK
999 _c85436
_d85436